000 00831nam a2200217Ii 4500
003 JO-AjNU
008 230605s9999||||xx |||||||||||||| ||und||
017 _a2009/4/1401
040 _aJO-AjNU
_bara
_erda
_cJO-AjNU
041 _aara
050 1 4 _aHG1615.7.T7.I776 2010
100 3 _aارشيد، محمود عبد الكريم,
_eauthor
_930648
245 0 0 _aالقوى البشرية في المصارف الاسلامية بين الواقع والمثالية
250 _aط1
264 3 1 _aعمان:دار النفائس للنشر والتوزيع، 2010
300 _a248ص
_bيحتوي على ببلوغرافية من 235-248ص
336 _atext
_btxt
_2rdacontent
337 _aunmediated
_bn
_2rdamedia
338 _avolume
_bnc
_2rdacarrier
650 4 _aادارة البنوك- القوى البشرية
_930649
999 _aA12173
_c15741
_d15741